000
00347nam a2200145Ia 4500
008
230718s9999 xx 000 0 und d
041
_a
Eng.
082
_a
342.42
_b
RAN-T
100
_a
Rana, Muhammad Mujahid
245
4
_a
The British Constitution
260
_a
Pakistan
_b
Punjab Law Book
_c
2013
300
_a
212
650
_a
Law
999
_c
30062
_d
30062